Design of supercharged internal combustion engine for micro-cogeneration unit

Gespeichert in:
Bibliographische Detailangaben
1. Verfasser: Kubečka, Tomáš (Verfasst von)
Weitere Verfasser: Chríbik, Andrej (Betreuung Doktorarbeit)
Format: Manuskript Buch
Sprache:Slowakisch
Englisch
Veröffentlicht: 2018
Schlagworte:
Online-Zugang:http://is.stuba.sk/zp/portal_zp.pl?podrobnosti=137815
Tags: Tag hinzufügen
Keine Tags, Fügen Sie das erste Tag hinzu!

MARC

LEADER 00000ntm a22000003a 4500
001 stuzp68933
003 SK-STU
005 20180820160736.2
007 ta
008 150427s2015----xo-----f-mn---000-0-slo-d
040 |a STU  |b slo 
041 0 |a eng 
100 1 |a Kubečka, Tomáš  |u 020030  |4 aut  |U SjF Strojnícka fakulta  |T SjF Ústav dopravnej techniky a konštruovania  |X 55172  |U J0030  |Y 806  |7 55172 
242 0 1 |a Návrh preplňovaného spaľovacieho motora pre mikrokogeneračnú jednotku  |y slo 
245 1 0 |a Design of supercharged internal combustion engine for micro-cogeneration unit 
260 |c 2018 
650 4 |a preplňovanie  |2 slo 
650 4 |a kogeneračná jednotka  |2 slo 
650 4 |a spaľovací motor  |2 slo 
650 4 |a supercharging  |2 eng 
650 4 |a cogeneration unit  |2 eng 
650 4 |a combustion engine  |2 eng 
700 1 |a Chríbik, Andrej  |u 020030  |k Z1  |4 ths  |U SjF Strojnícka fakulta  |T SjF Ústav dopravnej techniky a konštruovania  |X 26808  |U J0030  |Y 806  |7 A000026808 
856 4 |u http://is.stuba.sk/zp/portal_zp.pl?podrobnosti=137815 
996 |b 284J045588  |c J* 2938/DDP  |l JJSK  |s A  |a 24  |w stuzp68933_0001